|
|
|
|
| LEADER |
01095nam a2200313 a 4500 |
| 001 |
3332 |
| 003 |
BD-DhAAL |
| 005 |
20150620123922.0 |
| 008 |
150620s1997 moua b 001 0 eng |
| 010 |
|
|
|a 96011358
|
| 020 |
|
|
|a 0815107145
|
| 040 |
|
|
|a DLC
|c DLC
|d DLC
|d BD-DhAAL
|
| 050 |
0 |
0 |
|a RA776
|b .A57 1997
|
| 082 |
0 |
0 |
|a 613
|2 20
|
| 100 |
1 |
|
|a Anspaugh, David J.
|9 12321
|
| 245 |
1 |
0 |
|a Wellness :
|b concepts and applications /
|c David J. Anspaugh, Michael H. Hamrick, Frank D. Rosato.
|
| 250 |
|
|
|a 3rd ed.
|
| 260 |
|
|
|a St. Louis :
|b Mosby,
|c c1997.
|
| 300 |
|
|
|a 1 v. (various pagings) :
|b col. ill. ;
|c 28 cm.
|
| 504 |
|
|
|a Includes bibliographical references and index.
|
| 541 |
|
|
|e 3332
|
| 650 |
|
0 |
|a Health.
|9 12322
|
| 650 |
|
0 |
|a Self-care, Health.
|9 12323
|
| 650 |
|
0 |
|a Medicine, Preventive.
|9 12324
|
| 700 |
1 |
|
|a Hamrick, Michael H.
|9 12325
|
| 700 |
1 |
|
|a Rosato, Frank D.
|9 12326
|
| 942 |
|
|
|2 ddc
|c BK
|
| 999 |
|
|
|c 34797
|d 34797
|
| 952 |
|
|
|0 0
|1 0
|2 ddc
|4 0
|6 613_000000000000000_ANS
|7 0
|9 54443
|a SCL
|b SCL
|c GEN
|d 2015-06-20
|e Gift: The Asia Foundation
|l 0
|o 613 ANS
|p 3020003332
|r 2015-06-20
|t 1
|w 2015-06-20
|y BK
|